| 000 | 00644nam a2200193 a 4500 | ||
|---|---|---|---|
| 001 | 58802 | ||
| 005 | 20180714055534.0 | ||
| 008 | 140415s2012 mx 000 0 spa d | ||
| 020 | _a9786077592808 | ||
| 041 | _aspa | ||
| 082 |
_a262.91 _bMET |
||
| 100 | 1 | _aMETHOL FERRE, ALBERTO | |
| 245 | 1 | 0 |
_aNUEVA DIALECTICA HISTORICA EN AMERICA LATINA : _bNAFTA Y MERCOSUR |
| 250 | _a2a ed. | ||
| 260 |
_aMEXICO : _bIMDOSOC, _c2012 |
||
| 300 |
_a37 _cx 21.5 |
||
| 490 | _aCOL. ARCHIVO MOTOLINIA | ||
| 650 | 1 | 4 |
_aLIBERTAD RELIGIOSA _xRELIGION Y SOCIOLOGIA _xRELIGION _xHISTORIA _xMEXICO _xIGLESIA Y PROBLEMAS SOCIALES MEXICO HISTORIA SIGLO XX |
| 999 |
_c58802 _d58802 |
||